| 000 | 00662nam a2200193 4500 | ||
|---|---|---|---|
| 001 | 133361 | ||
| 003 | ES-MaACL | ||
| 005 | 20230906194403.0 | ||
| 007 | t| | ||
| 008 | 070214s1979 sp r ||||1| spa d | ||
| 100 | 1 |
_aRudin, Walter. _9100490 |
|
| 245 | 1 | 0 |
_aAnálisis funcional / _cWalter Rudin ; [versión por Jesús Fernández Novoa y Luis Bou García; revisada por Enrique Linés Escardó]. |
| 260 |
_aBarcelona [etc.] : _bReverté, _c1979. |
||
| 300 |
_aXI, 397 p. ; _c22 cm. |
||
| 700 | 1 |
_aFernández Novoa, Jesús. _949960 |
|
| 700 | 1 |
_aBou García, Luis. _930816 |
|
| 700 | 1 |
_aLinés Escardó, Enrique. _972434 |
|
| 852 |
_aES-MaACL _jG-4339 _bR.100017 |
||
| 999 |
_c133361 _d133361 |
||